| 000 | 00446nam a2200181Ia 4500 | ||
|---|---|---|---|
| 008 | 180921t2000 xxu||||| |||| 00| 0 sin d | ||
| 041 | _asin | ||
| 080 |
_a662.917 _bMIN |
||
| 100 | _aAtapattu, R.B. | ||
| 245 | _aමිනිස් සිරුර | ||
| 246 | _aHuman body | ||
| 260 |
_bM.D. Gunasena _c2000 |
||
| 300 | _a30p., ill., 28 cm | ||
| 650 | _aBiology | ||
| 942 | _cBK | ||
| 999 |
_c15426 _d15426 |
||
| 003 | LK-CoDNM | ||
| 040 |
_aLK-CoDNM _dLK-CoDNM _eLK-CoDNM |
||